Tilastot visalle Aasian valtioiden muodot

Klikkaa tästä pelataksesi tätä visaa!

Yleistilastot

  • Tätä visaa on pelattu 1 075 kertaa
  • Keskiarvotulos 24 / 48

Vastaustilastot

Vastaus% Oikein
Intia
100%
Kiina
96%
Japani
95%
Vietnam
87%
Turkki
85%
Indonesia
74%
Pakistan
71%
Thaimaa
69%
Kypros
66%
Nepal
63%
Malediivit
62%
Myanmar
62%
Filippiinit
61%
Sri Lanka
61%
Mongolia
58%
Taiwan
56%
Laos
55%
Afganistan
54%
Irak
53%
Iran
53%
Israel
50%
Oman
50%
Kazakstan
49%
Malesia
49%
Jemen
47%
Saudi-Arabia
45%
Bangladesh
40%
Jordania
40%
Georgia
39%
Pohjois-Korea
37%
Syyria
37%
Turkmenistan
36%
Uzbekistan
35%
Itä-Timor
34%
Etelä-Korea
33%
Yhdistyneet arabiemiirikunnat
33%
Azerbaidžan
32%
Kirgisia
32%
Kuwait
31%
Singapore
29%
Qatar
28%
Tadžikistan
27%
Armenia
26%
Libanon
26%
Bhutan
25%
Brunei
24%
Kambodža
23%
Bahrain
22%

Tulosjakauma

Persentiili vastausten määrän mukaan

Jokaisen tuloksen saaneiden osuus

Tuloshistoriasi

Et ole pelannut tätä visaa